000 01488nam a2200301 i 4500
003 DO-SdBNP
005 20240527155317.0
007 ta
008 210712e2013 dr ac||er|||| 001 e spa d
020 _a9789591107268
040 _aDO-SdBNP
_bspa
_cBNPHU
_erda
082 4 _bJ83J, 2013
_222
245 0 0 _aJosé Juan Arrom y la búsqueda de nuestras raíces /
_cselección y coordinación, Jorge Ulloa Hung , Julio Corbea Calzado ; edición, Orestes Solís Yero
250 _asegunda edición
264 _aSanto Domingo :
_bFundación García Arévalo,
_bOriente,
_c2013.
300 _a218 páginas :
_bilustraciones y retratos ;
_c23 cm.
336 _2rdacontent
_atexto
_btxt
337 _2rdamedia
_asin mediación
_bn
338 _2rdacarrier
_avolumen
_bnc
500 _aIncluye referencias bibliográficas y notas al pie de las páginas
505 0 0 _a"Lo bueno siempre queda" /
_rJorge Ulloa Hung--
_tEnsayos de José Juan Arrom--
_tDossier--
_tGarcía Arévalo--
_tJosé Juan Arrom y la formación de una conciencia antillana--
_rManuel García Arévalo--
_tJosé Juan Arrom, maestro--
_rOlga Portuondo Zúñiga.--
_tEl Arrom que conocí: testimonio de una fecunda amistad /
_rManuel García Arévalo.
590 _aInventariado 2024/ BT
700 1 _aSolís Yero, Orestes,
_eedición
_979188
700 1 _916015
_aUlloa Hung, Jorge,
_d1965-
_eselección y coordinación
700 1 _aCorbea Calzado, Julio,
_eselelección y coordinación
_979189
910 _aBtavárez
942 _2ddc
_cLBS1
999 _c50091
_d50091